| 000 | 00363nam a2200133Ia 4500 | ||
|---|---|---|---|
| 008 | 230524s9999 xx 000 0 und d | ||
| 020 | _a9788172540311 | ||
| 100 |
_aKay White _936682 |
||
| 245 | 0 | _aDraft Your Own Business Letters | |
| 260 | _bGoodwill Publishing House | ||
| 500 | _aQuantity Number: 1 | ||
| 650 |
_aPersonality Development _936683 |
||
| 942 | _cBK | ||
| 999 |
_c50702 _d50702 |
||